Allegheny uprising /

America's Revolutionary War is more than a decade away, but storm clouds of rebellion are gathering in Pennsylvania. There, colonial man of action James Smith does what England's provincial command won't: stop the trading of weapons to Indian tribes. Joined by like-minded frontiersmen...

Full description

Bibliographic Details
Corporate Authors: RKO Radio Pictures, Turner Entertainment Co, Warner Home Video (Firm)
Other Authors: Wolfson, P. J. (Pincus Jacob), 1903-1979, Seiter, William A., 1892-1964, Berman, Pandro S., 1905-1996, Trevor, Claire, 1910-2000, Wayne, John, 1907-1979, Sanders, George, 1906-1972, Donlevy, Brian, Lawson, Wilfrid, 1900-1966, Barrat, Robert, 1889-1970, Hamilton, John F., Olsen, Moroni, 1889-1954, Quillan, Eddie, 1907-1990, Swanson, Neil H. (Neil Harmon), 1896-1983
Format: Video DVD
Language:English
Language Notes:Closed-captioned. English dialogue with optional English or French subtitles.
Published: Burbank, CA : Turner Entertainment Co. : [2007]
Series:John Wayne collection.
Subjects:

MARC

Tag First Indicator Second Indicator Subfields
LEADER 00000cgm a2200000Ka 4500
001 in00002242000
005 20191012063705.0
007 vd bvaizm
008 070510s2007 cau080 vleng d
020 |a 1419850431 
020 |a 9781419850431 
024 1 |a 053939786422 
028 4 2 |a T7864  |b Warner Home Video 
035 |a (OCoLC)ocn124167676 
035 |a (OCoLC)124167676 
037 |b Midwest Tape  |n http://www.midwesttapes.com 
040 |a TEFMT  |c TEFMT  |d RCS  |d TXA  |d UtOrBLW 
041 1 |a eng  |j fre  |h eng 
043 |a n-us-pa 
049 |a TXAM 
050 1 4 |a PN1995.9.H5  |b A45444469 2007 
090 |a PN1995.9.H5  |b A4354 2007 
245 0 0 |a Allegheny uprising /  |c RKO Radio Pictures, Inc. ; Pandro S. Berman in charge of production ; produced by P.J. Wolfson ; screenplay by P.J. Wolfson ; directed by William A. Seiter. 
264 1 |a Burbank, CA :  |b Turner Entertainment Co. :  |c [2007] 
264 2 |a Burbank, CA :  |b Distributed by Warner Home Video, 
300 |a 1 videodisc (80 min.) :  |b sound, black and white ;  |c 4 3/4 in. 
336 |a two-dimensional moving image  |b tdi  |2 rdacontent 
337 |a video  |b v  |2 rdamedia 
338 |a videodisc  |b vd  |2 rdacarrier 
490 1 |a The John Wayne collection 
500 |a Release date: May. 22, 2007. 
538 |a DVD; region 1; Dolby Digital mono. 
546 |a Closed-captioned. English dialogue with optional English or French subtitles. 
511 1 |a Claire Trevor, John Wayne, George Sanders, Brian Donlevy, Wilfrid Lawson, Robert Barrat, John F. Hamilton, Moroni Olsen, Eddie Quillan. 
508 |a Director of photography, Nicholas Musuraca ; editor, George Crone ; musical score, Anthony Collins. 
500 |a Originally released as a motion picture in 1939. 
500 |a Based on the factual story The first rebel by Neil H. Swanson. 
500 |a Full screen presentation. 
500 |a Aspect ratio 1.33:1. 
500 |a Dual layer format. 
521 8 |a Not rated. 
520 |a America's Revolutionary War is more than a decade away, but storm clouds of rebellion are gathering in Pennsylvania. There, colonial man of action James Smith does what England's provincial command won't: stop the trading of weapons to Indian tribes. Joined by like-minded frontiersmen, Smith intercepts trade shipments, besieges forts and risks the certain-death charge of treason against the king. 
500 |a Special features include: Vintage short The Bill of Rights; classic cartoon Land of the Midnight fun. 
500 |a Videorecording. 
600 1 0 |a Smith, James,  |d 1737-1812  |v Drama. 
650 0 |a Revolutions  |z Pennsylvania  |v Drama. 
650 0 |a Indians of North America  |z Pennsylvania  |v Drama. 
650 0 |a Weapons  |z Pennsylvania  |v Drama. 
651 0 |a Pennsylvania  |x History  |y Colonial period, ca. 1600-1775  |v Drama. 
655 7 |a Historical films.  |2 lcgft 
655 7 |a Western films.  |2 lcgft 
655 7 |a Video recordings for the hearing impaired.  |2 lcgft 
655 7 |a Feature films.  |2 lcgft 
700 1 |a Wolfson, P. J.  |q (Pincus Jacob),  |d 1903-1979. 
700 1 |a Seiter, William A.,  |d 1892-1964. 
700 1 |a Berman, Pandro S.,  |d 1905-1996. 
700 1 |a Trevor, Claire,  |d 1910-2000. 
700 1 |a Wayne, John,  |d 1907-1979. 
700 1 |a Sanders, George,  |d 1906-1972. 
700 1 |a Donlevy, Brian. 
700 1 |a Lawson, Wilfrid,  |d 1900-1966. 
700 1 |a Barrat, Robert,  |d 1889-1970. 
700 1 |a Hamilton, John F. 
700 1 |a Olsen, Moroni,  |d 1889-1954. 
700 1 |a Quillan, Eddie,  |d 1907-1990. 
700 1 |a Swanson, Neil H.  |q (Neil Harmon),  |d 1896-1983.  |t First rebel. 
710 2 |a RKO Radio Pictures. 
710 2 |a Turner Entertainment Co. 
710 2 |a Warner Home Video (Firm) 
830 0 |a John Wayne collection. 
994 |a C0  |b TXA 
948 |a cataloged  |b h  |c 2007/8/6  |d c  |e aklinger  |f 2:40:16 pm 
999 |a MARS 
999 f f |s ed47006c-a994-3d8a-bd0a-4a80250e801a  |i 13b5a5cf-ec52-3389-8503-fa05fe860127  |t 0 
952 f f |p dvd  |a Texas A&M University  |b College Station  |c Sterling C. Evans Library  |d Evans: Media and Reserves (Annex 1st floor)  |t 0  |e PN1995.9.H5 A4354 2007  |h Library of Congress classification  |i video -- videodisc  |m A14836345702 
998 f f |a PN1995.9.H5 A4354 2007  |t 0  |l Evans: Media and Reserves (Annex 1st floor)